| 000 | 00965cam a22002891 4500 | ||
|---|---|---|---|
| 999 |
_c49144 _d49144 |
||
| 001 | 7879186 | ||
| 005 | 20191212083446.0 | ||
| 008 | 800820s1946 nyuab b 000 0 eng | ||
| 010 | _a 47005901 | ||
| 035 | _a(OCoLC)6637271 | ||
| 040 |
_aDLC _cNNSU-MC _dDLC |
||
| 042 | _apremarc | ||
| 100 | 1 |
_aKrout, John A. _q(John Allen), _d1896-1979. |
|
| 245 | 1 | 0 |
_aNew Outline-history of the United States to 1865 / _bJohn A. Krout. |
| 260 |
_aNew York : _bBarnes & Noble, inc., _c[1946]. |
||
| 300 |
_avii, 210 p. : _bmaps. ; _c21 cm. |
||
| 336 | _atext | ||
| 337 | _aunmediated | ||
| 338 | _avolume | ||
| 440 | 0 | _aCollege outline series. | |
| 500 | _aFirst published in 1933 under title: An outline history of the United States to 1865. | ||
| 504 | _aIncludes bibliography. | ||
| 651 | 0 |
_aUnited States _xHistory _xOutlines, syllabi, etc. |
|
| 651 | 0 |
_aUnited States _xHistory _y1865- |
|
| 906 |
_a7 _bcbc _coclcrpl _du _encip _f19 _gy-gencatlg |
||
| 942 |
_2lcc _cBK |
||